Medidas mínimas
保存先:
| 第一著者: | |
|---|---|
| フォーマット: | 図書 |
| 言語: | スペイン語 英語 |
| 出版事項: |
Santiago
Galería Gabriela Mistral
2006
|
| 主題: | |
| タグ: |
タグ追加
タグなし, このレコードへの初めてのタグを付けませんか!
|
MARC
| LEADER | 00000nam a2200000 a 4500 | ||
|---|---|---|---|
| 001 | UCJ9566 | ||
| 003 | CL-VaPUC | ||
| 008 | 070323e20060800CL |||||||||||||||||spa|d | ||
| 041 | 0 | 7 | |a spa |2 CL-VaPUC |
| 041 | 0 | 7 | |a eng |2 CL-VaPUC |
| 082 | 0 | 4 | |a 770.232 |b COR |2 21 |
| 100 | 0 | |a Correa, Isidora |e author |9 519560 | |
| 245 | 1 | 0 | |a Medidas mínimas |
| 300 | |a 45 p | ||
| 942 | |c BK | ||
| 945 | |d 20070323 00:00:00 |a cmena | ||
| 260 | |a Santiago |b Galería Gabriela Mistral |c 2006 | ||
| 500 | |a Del 20 de julio al 25 de agosto de 2006, Galería Gabriela Mistral | ||
| 650 | 7 | |a OBJETOS |2 CL-VaPUC |9 394667 | |
| 650 | 0 | |a Estilos artísticos |9 340996 | |
| 650 | 7 | |a EXPOSICIONES ARTISTICAS |2 CL-VaPUC |9 519561 | |
| 583 | |a last modification |c 20070323 00:00:00 |k Rodrigo Vera | ||
| 999 | |c 325026 |d 325024 | ||
| 952 | |0 0 |1 0 |4 0 |6 770_232000000000000_COR_2006 |7 0 |8 R |9 405469 |a BIBART |b BIBART |d 2019-11-22 |i 4281187 |o 770.232 COR 2006 |p 4281187 |r 2025-03-13 |w 2019-11-22 |y BK_R |k ART | ||